MARC

LEADER 00000nab a2200000 ar4500
001 vtls009143113
003 SK-MaSNL
005 20260303223506.0
008 070924c1978 xo |||| ||| 000 b|slo
015 |a SNBRA2007/09  |2 snkbucl 
038 |a SNKBUCL 
040 |a SNKBUCL  |b slo  |c SNKBUCL  |e AACR2 
041 0 |a slo 
044 |a xo  |c SK 
080 |a 82(091):821.162.4"19"  |2 2001 
080 |a 821.162.4  |x (091)  |x "19"  |2 2001 
080 |a 82.091:821.162.4-1:821.112.2-1  |2 2001 
080 |a 82.02:821.133.1:821.162.4  |x "19"  |2 2001 
080 |a 821.162.4-1.091:821.112.2-1  |2 2001 
080 |a 821.162.4.02  |x "19"  |2 2001 
080 |a 821.112.2-1.091:821.162.4-1  |2 2001 
080 |a 821.112.2.02  |x "19"  |2 2001 
100 1 |a Rosenbaum, Karol,  |d 1920-2001  |4 aut  |9 103255 
245 1 0 |a Ivan Krasko a Richard Dehmel  |c Karol Rosenbaum 
504 |a Bibliogr. odkazy 
600 1 7 |a Krasko, Ivan,  |d 1876-1958  |2 snkbucl  |9 85685 
600 1 7 |a Dehmel, Richard  |d 1863-1920  |t Príroda, symbol a umenie  |2 snkbucl  |9 1258064 
600 1 7 |a Dehmel, Richard  |d 1863-1920  |t Vôľa k činu  |2 snkbucl  |9 1258065 
648 7 |a 20. stor.  |2 snkbucl  |9 275975 
650 0 7 |a slovenská poézia  |2 snkbucl  |9 215422 
650 0 7 |a nemecká poézia  |x symbolizmus  |2 snkbucl  |9 1258066 
650 0 7 |a symbolizmus (literatúra)  |x slovenská literatúra  |2 snkbucl  |9 1258067 
650 0 7 |a slovenská literatúra  |x dejiny  |y 20. stor.  |2 snkbucl  |9 1061569 
650 0 7 |a symbolizmus (literatúra)  |x nemecká poézia  |2 snkbucl  |9 1258068 
655 7 |a štúdie  |2 snkbucl  |9 57033 
773 0 |t Ivan Krasko : 1876-1976. [Litteraria. XX-XXI. 1977-1978]  |d Bratislava : Veda, vydavateľstvo Slovenskej akadémie vied, 1978  |g S. 164-170 
852 |a SNK  |b KIS3GCP 
958 |a LX 
958 |a SK 
958 |a NB 
958 |a DE 
999 |c 2248075  |d 2250005